Fr. Conceicao Rodrigues College of Engineering

Business Data communications (Record no. 20872)

MARC details
000 -LEADER
fixed length control field 00390nam a2200181Ia 4500
082 ## - DEWEY DECIMAL CLASSIFICATION NUMBER
Classification number 4.6
Item number STA
100 ## - MAIN ENTRY--PERSONAL NAME
Personal name Stallings/William
250 ## - EDITION STATEMENT
Edition statement 5
245 ## - TITLE STATEMENT
Title Business Data communications
260 ## - PUBLICATION, DISTRIBUTION, ETC.
Name of publisher, distributor, etc. Pearson Education
Date of publication, distribution, etc. 2005
366 ## - TRADE AVAILABILITY INFORMATION
Publishers's discount category 25
300 ## - PHYSICAL DESCRIPTION
Extent 584
546 ## - LANGUAGE NOTE
Language note ENGLISH
650 ## - SUBJECT ADDED ENTRY--TOPICAL TERM
Topical term or geographic name entry element Data communications
654 ## - SUBJECT ADDED ENTRY--FACETED TOPICAL TERMS
Focus term data communications
942 ## - ADDED ENTRY ELEMENTS (KOHA)
Koha item type BOOK
Holdings
Withdrawn status Lost status Damaged status Not for loan Collection Home library Current library Date acquired Source of acquisition Cost, normal purchase price Inventory number Total Checkouts Full call number Barcode Date last seen Cost, replacement price Price effective from Koha item type
        CRC Fr. Agnel's C.Rodrigues College of Engineering Fr. Agnel's C.Rodrigues College of Engineering 17/03/2023 Milan Book Supplier 288.75 1952 dt 17/11/2009   4.6 STA 20217 17/03/2023 385.00   BOOK
        CRC Fr. Agnel's C.Rodrigues College of Engineering Fr. Agnel's C.Rodrigues College of Engineering 17/03/2023 Milan Book Supplier 288.75 1952 dt 17/11/2009   4.6 STA 20218 17/03/2023 385.00   BOOK